000 00655nam a2200253 a 4500
003 AR-BaBNM
005 20251128202820.0
008 082120s2002 ||||||||||||||000 | spa||
040 _cAR-BaBNM
100 1 _aZamora, Antonio
245 0 0 _aDigesto constitucional americano
250 _a1ยช ed.
260 _aBuenos Aires
_bClaridad
_c1953
300 _a1007 p.
650 4 _aCONSTRUCCION DE LA NACION
650 4 _aDESARROLLO NACIONAL
650 4 _aDERECHOS CIVILES Y POLITICOS
650 4 _aDERECHO INTERNACIONAL
650 4 _aLEGISLACION
650 4 _aAPLICACION DE LA LEY
650 4 _aDERECHOS HUMANOS
942 _cBK
998 _cMariana
999 _c705
_d705